| Поле | Название | Значение |
| |
Тип записи |
a |
| |
Библиографический уровень |
m |
| 001 |
Контрольный номер |
RU/URAIT/588139 |
| 005 |
Дата корректировки |
20260429163614.7 |
| 008 |
Кодируемые данные |
260429s2026 RU y f j 000 0 rus u |
| 020 |
Индекс ISBN |
__ |
| a |
ISBN |
978-5-534-20128-4 |
| c |
Цена, тираж |
2079.00 |
| 040 |
Источник каталогиз. |
__ |
| a |
Служба первич. каталог. |
ИКО Юрайт |
| c |
Служба, преобразующая запись |
ИКО Юрайт |
| e |
Правила каталог. |
RCR |
| 041 |
Код языка издания |
__ |
| a |
Код языка текста |
rus |
| 044 |
Код страны публикации |
__ |
| a |
Код страны публикации |
RU |
| 080 |
Индекс УДК |
__ |
| a |
Индекс УДК |
81:1(075.8) |
| 084 |
Индекс другой классификации/Индекс ББК |
__ |
| 2 |
Источник индекса |
rubbk |
| a |
Индекс другой классификации/Индекс ББК |
87я73 |
| 100 |
Автор |
__ |
| a |
Автор |
Барышников П. Н. |
| q |
Полное имя |
Барышников Павел Николаевич |
| 245 |
Заглавие |
__ |
| a |
Заглавие |
Философия языка: исторические перспективы |
| b |
Продолж. заглавия |
учебник для вузов |
| c |
Ответственность |
П. Н. Барышников. |
| 250 |
Сведения об издании |
__ |
| g |
|
пер. и доп |
| a |
Основные сведения об издании |
2-е изд. |
| 256 |
Характеристики компьютерного файла |
__ |
| a |
Характеристики компьютерного файла |
Электрон. дан. |
| 260 |
Выходные данные |
__ |
| a |
Место издания |
Москва |
| b |
Издательство |
Юрайт |
| c |
Дата издания |
2026 |
| 300 |
Физическое описание |
__ |
| a |
Объем |
398 с |
| 440 |
Серия |
__ |
| a |
Серия |
Высшее образование |
| 500 |
Примечания |
__ |
| a |
Примечание |
URL: https://urait.ru/bcode/588139 (дата обращения: 29.04.2026). |
| 520 |
Аннотация |
__ |
| a |
Аннотация |
Данный курс о языке как объекте философской мысли и об истории становления языковых теорий в поле философского знания. Основная цель работы состоит в описании языка как объекта философии и раскрытии специфических черт лингвофилософских теорий, начиная с самых ранних попыток человечества осмыслить сущность языка, заканчивая теориями XX—XXI вв. Читатель найдет для себя ответ на множество вопросов, связанных с историей философии и языкознания. Следующий ряд ключевых слов позволяет понять широту лингвофилософских концепций, представленных в данной работе: миф, ритуал, имя, письмо, логос, число, текст, Бог, Слово, вещь, сущность, знак, символ, культура, общество, сигнал, алгоритм, сознание, компьютер, Вселенная. Соответствует актуальным требованиям Федерального государственного образовательного стандарта высшего образования. Курс представляет интерес для магистрантов и аспирантов филологических и философских направлений подготовки. |
| 538 |
Прим. о системных особенностях |
__ |
| a |
Прим. о системных особенностях |
Режим доступа: Электронно-библиотечная система Юрайт, для авториз. пользователей |
| 653 |
Ключевые слова |
__ |
| a |
Ключевые слова |
Общее языкознание |
| 653 |
Ключевые слова |
__ |
| a |
Ключевые слова |
Языки и литература |
| 653 |
Ключевые слова |
__ |
| a |
Ключевые слова |
Философия языка |
| 653 |
Ключевые слова |
__ |
| a |
Ключевые слова |
Философия языка и литературы |
| 653 |
Ключевые слова |
__ |
| a |
Ключевые слова |
Когнитивная лингвистика |
| 653 |
Ключевые слова |
__ |
| a |
Ключевые слова |
Основы когнитивной лингвистики |
| 653 |
Ключевые слова |
__ |
| a |
Ключевые слова |
Философские аспекты языка |
| 653 |
Ключевые слова |
__ |
| a |
Ключевые слова |
Философские аспекты языкознания |
| 653 |
Ключевые слова |
__ |
| a |
Ключевые слова |
Философский аспект языкознания |
| 653 |
Ключевые слова |
__ |
| a |
Ключевые слова |
Философия языка как Лингвистическая проблема |
| 653 |
Ключевые слова |
__ |
| a |
Ключевые слова |
Семантика и философия языка |
| 653 |
Ключевые слова |
__ |
| a |
Ключевые слова |
Лингвофилософия |
| 653 |
Ключевые слова |
__ |
| a |
Ключевые слова |
Философия языка и основные направления современной лингвистики |
| 653 |
Ключевые слова |
__ |
| a |
Ключевые слова |
Современная философия языка |
| 653 |
Ключевые слова |
__ |
| a |
Ключевые слова |
Философские и методологические проблемы лингвистики |
| 856 |
Электронный адрес документа |
40 |
| n |
Местонахождение сервера |
Юрайт |
| g |
|
Электронная книга |
| q |
Тип электронного формата |
html |
| h |
Имя пользователя |
ЮРАЙТ |
| v |
Часы доступа к ресурсу |
20271231 |
| 2 |
Способ доступа |
Показать документ |
| x |
Служебное примечание |
https://urait.ru/book/cover/3A9442B7-A4E0-459C-8ACA-CDA09251BC41 |
| u |
URL |
https://urait.ru/bcode/588139 |
| 856 |
Электронный адрес документа |
48 |
| q |
Тип электронного формата |
cover |
| u |
URL |
https://urait.ru/book/cover/3A9442B7-A4E0-459C-8ACA-CDA09251BC41 |
| 911 |
|
__ |
| u |
|
0030=https://urait.ru/bcode/588139 |
| 911 |
|
__ |
| u |
|
073a=9785534201284 |
| u |
|
073d=2079.00 |
| 911 |
|
__ |
| u |
|
106a=s |
| 911 |
|
__ |
| u |
|
900l= |
| 952 |
Тип литературы |
__ |
| i |
Дисциплина |
Философия языка |
| 952 |
Тип литературы |
__ |
| i |
Дисциплина |
Философия языка и литературы |
| 952 |
Тип литературы |
__ |
| i |
Дисциплина |
Когнитивная лингвистика |
| 952 |
Тип литературы |
__ |
| i |
Дисциплина |
Основы когнитивной лингвистики |
| 952 |
Тип литературы |
__ |
| i |
Дисциплина |
Философские аспекты языка |
| 952 |
Тип литературы |
__ |
| i |
Дисциплина |
Философские аспекты языкознания |
| 952 |
Тип литературы |
__ |
| i |
Дисциплина |
Философский аспект языкознания |
| 952 |
Тип литературы |
__ |
| i |
Дисциплина |
Философия языка как Лингвистическая проблема |
| 952 |
Тип литературы |
__ |
| i |
Дисциплина |
Семантика и философия языка |
| 952 |
Тип литературы |
__ |
| i |
Дисциплина |
Лингвофилософия |
| 952 |
Тип литературы |
__ |
| i |
Дисциплина |
Философия языка и основные направления современной лингвистики |
| 952 |
Тип литературы |
__ |
| i |
Дисциплина |
Современная философия языка |
| 952 |
Тип литературы |
__ |
| i |
Дисциплина |
Философские и методологические проблемы лингвистики |